Vista normal
Vista MARC
Entrada Materia (personas)
Número de registros utilizados en: 1
001 - CONTROL NUMBER
- control field: 155756
003 - CONTROL NUMBER IDENTIFIER
- control field: Co-BoUCM
005 - DATE AND TIME OF LATEST TRANSACTION
- control field: 20211108101126.0
008 - FIXED-LENGTH DATA ELEMENTS
- fixed length control field: 211108|| aca||aabn | a|a d
040 ## - CATALOGING SOURCE
- Original cataloging agency: Co-BoUCM
- Transcribing agency: Co-BoUCM
100 ## - HEADING--PERSONAL NAME
- Personal name: Donoso Yáñez, José Manuel
- Dates associated with a name: 1924-1996
670 ## - SOURCE DATA FOUND
- Source citation: Work cat.: (Co-BoUCM)12118: Donoso Yáñez, José Manuel 1924-1996, El obsceno pájaro de la noche, 1979